000 01838nam0a2200313 4500
001 RU\NLR\bibl\543708
005 20260405160728.0
021 _aRU
_b2004-10179
_9527
035 _a(NLR Aleph) 000535936
090 _a1382658
_c1382658
100 _a20040809d2003 |||y0rusy50 ca
101 0 _arus
102 _aRU
105 _aa |||||||||
200 1 _aУльтрадисперсные системы: получение, свойства, применение
_eУчеб. пособие для студентов спец. 070800
_fД.И. Рыжонков, В.В. Левина, Э.Л. Дзидзигури
_gМ-во образования Рос. Федерации, Моск. гос. ин-т стали и сплавов (Технол. ун-т). Каф. высокотемператур. процессов, материалов и алмазов
210 _aМ.
_cУчеба
_d2003
215 _a180, [1] с.
_cил.
_d21
320 _aБиблиогр. в конце кн. (12 назв.)
606 0 _aУльтрадисперсные системы
_jРуководства, пособия и т.п. для высшей школы
_91007069
_3RU\NLR\auth\66382859
606 0 _aУльтрадисперсные системы
_jУчебные издания для высших учебных заведений
_91007069
_3RU\NLR\auth\66382859
686 _aГ6я73-1
700 1 _aРыжонков
_bД. И.
_gДмитрий Иванович
_4070
701 1 _4070
_8rus
_7ca
_aЛевина
_bВ. В.
_cканд. техн. наук
_gВера Васильевна
_3RU\NLR\auth\7731885
_914895
701 1 _4070
_8rus
_7ca
_aДзидзигури
_bЕ. Л.
_gЭлла Леонтьевна
_3RU\NLR\auth\7767318
_950246
801 0 _aRU
_bNLR
_c20040809
_gPSBO
801 1 _aRU
_bNLR
_c20040809
942 _cBOOK
980 _aNB